000
00247nam a22001097a 4500
008
170120b xxu||||| |||| 00| 0 eng d
020
_a
9781416040781
041
_a
eng
080
_a
618.2
245
_a
NCLEX-RN REVIEW
_c
ANDERSON, M
942
_2
udc
_c
BK
999
_c
3244
_d
3244